00932 a2200181 45000010006000000050017000060080041000230030015000640400040000790800022001192450078001410200022002192640033002413000024002745050257002981000027005558560168005821605620260407155454.0260407a2006 arg spa dAR-UNSa-BCEJYS aAR-UNSa-BCEJYSbspacAR-UNSa-BCEJYS a657xContabilidad10aNormas contables profesionales de la FACPCE, el CPCECABA, la CNV y la IGJ a978-987-03-0855-3 1aBuenos Aires :bLa Leyc2006 axli, 437 p.c24 cm. a1. Cuestiones generales - 2. El marco conceptual - 3. Normas generales - 4. Reconocimiento y medición contable en general - 5. Reconocimiento y medición contable en particular - 6. Métodos contables - 7. Contenido y forma de los estados contables1 aFowler Newton, Enrique41uhttps://biblioeco.unsa.edu.ar/pmb/images/libros/Normas contables profesionales de la FACPCE, el CPCECABA la CNV y la IGJ-l116113.jpgyImagen de portadaqimage/jpeg